000 00699cam a22002533a 4500
001 2873
003 PGUSA
005 20140828083022.0
008 011001s2001||||xxu|||||s|||||000 | eng d
040 _aPGUSA
_beng
042 _adc
050 4 _aGN
100 1 _aAllen, Emory Adams,
_d1853-
245 1 4 _aThe Prehistoric World; Or, Vanished races
_h[electronic resource] /
_cEmory Adams Allen
260 _bProject Gutenberg,
_c2001
506 _aPublic domain in the USA.
516 _aElectronic text
653 _aIndians
653 _aPrehistoric peoples
653 _aArchaeology
830 0 _aProject Gutenberg
_v2873
856 4 0 _uhttp://www.gutenberg.org/ebooks/2873
942 _cEB
999 _c232205
_d232205